000 00495nam a2200193Ia 4500
008 220216s9999 xx 000 0 und d
100 _aNair K.C.M.
245 0 _aRheological behaviour of sisal fibre reinforced polystyrene melts
260 _bComposites. Part A
_c2000
300 _a1231
650 _aPolystyrene
650 _aRheology
650 _aSisal fibre
700 _aPrasanthakumar R.
700 _aRamamurthy K.
700 _aSchit K.
700 _aThomas S.
942 _cBS
999 _c51818
_d51818